000 00776nam a2200241 i 4500
001 188905
003 ES-MaACL
005 20250827042130.0
008 190225s2017 sp |||| | spa d
020 _a978-84-946652-2-6
080 _a821.134.2-14"19"
100 1 _aReyes, Ángela,
_d1946-
_9137576
245 1 0 _aMujer en la penumbra /
_cÁngela Reyes.
250 _a1ª ed.
260 _aMadrid :
_bHuerga y Fierro,
_c2017.
300 _a78 p. ;
_c22 cm.
490 1 _aPoesía
830 0 _aPoesía
_9177794
852 _aES-MaACL
_jA-14404
_9196039
_bR.151776
_cDEPO1
_dOlim: N-7404
_gDedicatoria autógrafa de la autora
_hDonación: Ángela Reyes
903 _aReyes, Ángela,
_d1946-
_ednr
_9137576
942 _2udc
_cMONOGRAFIA
999 _c188905
_d188905